士師記路得記 : (Record no. 27028)
[ view plain ]
| 000 -LEADER | |
|---|---|
| fixed length control field | 00749nam a2200241Ia 4500 |
| 008 - FIXED-LENGTH DATA ELEMENTS--GENERAL INFORMATION | |
| fixed length control field | 200901s9999||||xx |||||||||||||| ||und|| |
| 020 ## - INTERNATIONAL STANDARD BOOK NUMBER | |
| International Standard Book Number | 9622442102 |
| 020 ## - INTERNATIONAL STANDARD BOOK NUMBER | |
| International Standard Book Number | 9789622442108 |
| 041 ## - LANGUAGE CODE | |
| Language code of text/sound track or separate title | chi |
| Language code of original | eng |
| 050 ## - LIBRARY OF CONGRESS CALL NUMBER | |
| Classification number | BS1305.3 |
| Item number | .L4812 1984 |
| 100 ## - MAIN ENTRY--PERSONAL NAME | |
| Personal name | Lewis, Arthur H. |
| 245 #0 - TITLE STATEMENT | |
| Title | 士師記路得記 : |
| Remainder of title | = Judges and Ruth / |
| Statement of responsibility, etc. | 路易斯 (Arthur H. Lewis) 著; 何李穎芬, 姚錦燊譯 |
| 246 ## - VARYING FORM OF TITLE | |
| Title proper/short title | 士师记路得记 : |
| 260 ## - PUBLICATION, DISTRIBUTION, ETC. | |
| Place of publication, distribution, etc. | 香港 : |
| Name of publisher, distributor, etc. | 宣道出版社,, |
| Date of publication, distribution, etc. | 1984 |
| 300 ## - PHYSICAL DESCRIPTION | |
| Extent | 139 p. : |
| Other physical details | ill. ; |
| Dimensions | 21 cm. |
| 500 ## - GENERAL NOTE | |
| General note | Translation of:Judges and Ruth |
| 650 ## - SUBJECT ADDED ENTRY--TOPICAL TERM | |
| Topical term or geographic name entry element | Bible. Judges Commentaries. |
| 650 ## - SUBJECT ADDED ENTRY--TOPICAL TERM | |
| Topical term or geographic name entry element | Bible. Ruth Commentaries. |
| 700 ## - ADDED ENTRY--PERSONAL NAME | |
| Personal name | 何李穎芬 |
| 700 ## - ADDED ENTRY--PERSONAL NAME | |
| Personal name | 姚錦燊 |
| 700 ## - ADDED ENTRY--PERSONAL NAME | |
| Personal name | 路易斯 |
| Withdrawn status | Lost status | Damaged status | Not for loan | Home library | Current library | Shelving location | Date acquired | Total Checkouts | Full call number | Barcode | Date last seen | Price effective from | Koha item type |
|---|---|---|---|---|---|---|---|---|---|---|---|---|---|
| GETS Theological Seminary Library | GETS Theological Seminary Library | General Stacks | 09/01/2020 | BS1305.3 .L4812 1984 | 00014224 | 09/01/2020 | 09/01/2020 | Chinese Book |